000 00307nam a2200121Ia 4500
008 220204s9999 xx 000 0 und d
082 _a531.3
_bROF
100 _aRijnsdorp, John E
245 0 _aProcess dynamics: Control and protection
260 _aLondon
_bAnn Arbor
_c1982
700 _aBrian
942 _cBK
999 _c38886
_d38886